000 00901cab a2200205 4500
001 ABS39653
008 090401t1987 xxu||||| |||| 00| 0 eng d
035 _a(Sirsi) u18031
041 _aeng
100 _aWorrall, L.
245 _aPopulation information systems and the analysis of urban change
260 _c1987
350 _a0
490 _aTown Planning Review
_v58(4) October 1987, 411-425(15)
520 _aDescribes progress towards developing an integrated urban information system in Telford and demonstrates how the system has been used to improve understanding of the nature and selectivity of recent urban change. The `Telford Model` has been constructed around a local population information system and it is this system which is described in most detail. (Journal abstract)
650 _aCOMPUTERS
690 _aPLANNING LAW AND PRACTICE
942 _n0
948 _c04/03/1997
999 _c11956
_d11956